Kierowcy F1 2021 - Statystyki

Ogólne statystyki
  • Ten quiz został rozwiązany 2 204 razy
  • Średni wynik to 18 z 20
Statystyki odpowiedzi
Number Odpowiedź % Poprawnych
44 Lewis Hamilton
98%
33 Max Verstappen
97%
11 Sergio Perez
94%
77 Valtteri Bottas
94%
16 Charles Leclerc
93%
4 Lando Norris
93%
55 Carlos Sainz
91%
5 Sebastian Vettel
91%
14 Fernando Alonso
89%
10 Pierre Gasly
88%
63 George Russell
87%
31 Esteban Ocon
86%
47 Mick Schumacher
85%
22 Yuki Tsunoda
85%
18 Lance Stroll
84%
3 Daniel Ricciardo
83%
6 Nicholas Latifi
82%
7 Kimi Raikkonen
79%
9 Nikita Mazepin
79%
99 Antonio Giovinazzi
71%
Nie znaleziono quizów pasujących do podanych kryteriów
Rozkład punktacji
Procent ludzi z każdym wynikiem
Percentyl według liczby udzielonych odpowiedzi
Twoja historia wyników
Nie rozwiązałeś tego quizu